00445nam a2200133 a 450000500170000000800410001705000080005824500440006665000090011065000330011994200080015299900190016095201320017920141022142002.0080929s19uu xx 00 eng d aAVM aStandford: the entrepreneurial process. aDVD. aThe entrepreneurial process. cAVM c276306d276306 01104050aCLbCLcAVd2008-09-29eLib. Fundg6650.00l0oAVMpAVM0129r2014-04-12 00:00:00w2014-04-12yAVMzReclassified. .